000 00647nam a2200217Ia 4500
005 20250508170034.0
008 008 250505s9999 xx 000 0 eng d
020 _a0-7619-9767-9
037 _aTextual
040 _aFEDL
_beng
_cFEDL
041 _aeng
_2eng
084 _a305.23, BUT
_qFEDL
100 _aButcher Melissa
245 0 _aTransnational television, cultural identity and change: When star come to India
260 _aNew Delhi, India
_bSage Publications
_c2003
300 _a321p.
365 _aINR
_b48
546 _aGifted by Prof. Anita Rampal
942 _cTEXL
_h305.23, BUT
999 _c1398849
_d1398849